Hedging Effiziente Kursabsicherung festverzinslicher Wertpapiere mit Finanzterminkontrakten

Gespeichert in:
Bibliographische Detailangaben
1. Verfasser: Berger, Manfred
Format: Buch
Sprache:Deutsch
Veröffentlicht: Wiesbaden Gabler 1990
Ausgabe:1. Aufl.
Schlagworte:
Tags: Tag hinzufügen
Keine Tags, Fügen Sie das erste Tag hinzu!

MARC

LEADER 00000nam a2200000 4500
001 c000131
005 20221215125336.9
020 |a 3-409-14028-X 
041 0 |a ger 
044 |a DE 
245 1 0 |a Hedging  |b Effiziente Kursabsicherung festverzinslicher Wertpapiere mit Finanzterminkontrakten  |c Manfred Berger 
250 |a 1. Aufl. 
264 1 |a Wiesbaden  |b Gabler  |c 1990 
300 |a 587 s. 
610 2 0 |a papiere cenné 
610 2 0 |a kontrakty 
610 2 0 |a burzy 
610 2 0 |a úrok 
610 2 0 |a riziko 
610 2 0 |a výskum 
610 2 0 |a trh 
610 2 0 |a sadzby úrokové 
610 2 0 |a pôžičky 
100 1 |a Berger, Manfred